| 000 | 00804pam a2200265 a 4500 | ||
|---|---|---|---|
| 942 | _cBK | ||
| 999 |
_c533 _d533 |
||
| 001 | 4472396 | ||
| 003 | OSt | ||
| 005 | 20250420134814.0 | ||
| 008 | 961126s1997 enka b 001 0 eng | ||
| 010 | _a 96037943 | ||
| 020 | _a9783540199694 | ||
| 040 |
_aDLC _cKCST |
||
| 050 | 0 | 0 |
_aTA1634 _b.B37 1997 |
| 082 | 0 | 0 |
_a670.427 _221 _bBa In |
| 100 | 1 |
_aBatchelor, Bruce G. _94850 |
|
| 245 | 1 | 0 |
_aIntelligent vision systems for industry / _cBruce G. Batchelor and Paul F. Whelan. |
| 260 |
_aLondon ; _aNew York : _bSpringer, _cc1997. |
||
| 300 |
_axxi, 457 p. : _bill. (some col.) ; _c25 cm. |
||
| 504 | _aIncludes bibliographical references and index. | ||
| 650 | 0 |
_aComputer vision. _9407 |
|
| 650 | 0 |
_aImage processing. _94851 |
|
| 700 | 1 |
_aWhelan, Paul F., _d1963- _94852 |
|
| 942 | _2ddc | ||